| 000 | 00702nas a2200241 4500 | ||
|---|---|---|---|
| 001 | BR9202490 | ||
| 003 | BR-BrBNA | ||
| 005 | 20231205092513.0 | ||
| 007 | ta | ||
| 008 | 230509b bl.|||p| |||| 00| 00por d | ||
| 040 |
_aBR-BrBNA _bpor _cBiblioteca Nacional de Agricultura |
||
| 041 | _a(Pt) | ||
| 072 | _aP05 | ||
| 100 | 1 | _aLoncan, P. | |
| 245 | 1 |
_aRacionalizacao do uso da energia no processamento de carnes _b3. parte |
|
| 650 | _aCARNE | ||
| 650 | _aPROCESSAMENTO | ||
| 650 | _aTECNOLOGIA DE ALIMENTO | ||
| 650 | _aENERGIA | ||
| 773 | 0 |
_tRevista Nacional da Carne (Brazil) _x _g(Jan 1992), v. 16(179) p. 30-31 _wBR9202490 |
|
| 909 |
_a202311 _bLúcia _c55 _dLúcia Elande |
||
| 942 |
_2AGRIS _n0 _cANA |
||
| 999 |
_c132193 _d132193 |
||